| 000 | 01257nam a22002537a 4500 | ||
|---|---|---|---|
| 003 | NALT | ||
| 005 | 20240724233230.0 | ||
| 008 | s2549 th tha d | ||
| 020 | _a9747799758 | ||
| 040 | _aNALT | ||
| 041 | _atha | ||
| 050 |
_aDS558.6 _bพ465ส 2549 |
||
| 100 | 0 | _aพวงทอง รุ่งสวัสดิทรัพย์ ภวัครพันธุ์ | |
| 245 | 1 | 0 | _aสงครามเวียดนาม : สงครามกับความจริงของ "รัฐไทย" |
| 260 | 3 |
_aกรุงเทพฯ : _bโครงการจัดพิมพ์คบไฟ, _c2549 |
|
| 300 |
_a164 หน้า ; _b21 ซม. |
||
| 650 | 0 | 4 | _aเวียดนาม -- ความสัมพันธ์กับต่างประเทศ -- ไทย |
| 650 | 0 | 4 | _aไทย -- ความสัมพันธ์กับต่างประเทศ -- เวียดนาม |
| 650 | 0 | 4 | _aความสัมพันธ์ระหว่างประเทศ |
| 650 | 0 | 4 | _aสงครามเวียดนาม, ค.ศ. 1961--1975 -- ไทย |
| 850 | _aNALT | ||
| 942 |
_cRSH _2lcc |
||
| 999 |
_c48149 _d48149 |
||
| 998 |
_j109 _k อารีรัตน์ วิชาช่าง |
||